00398nam a2200157 a 450000100060000000300090000600800410001502000150005604000280007108200160009910000250011524500150014026000530015530000110020865000210021911520CO-ViMGA141112s2004 ck r 000 u spa d a9590400302 aCO-ViMGAbspacCO-ViMGA04a869.4 O751s1 aTadeu Orlandi, Decio10aEl santo  aCuba, cediciones Casa de las Américas, c1994 a129 p.14aNOVELA BRASILENA